| 000 | 00337nam a2200109Ia 4500 | ||
|---|---|---|---|
| 008 | 230907s9999||||xx |||||||||||||| ||und|| | ||
| 082 |
_a378.1664 _bOFF |
||
| 245 | 0 | _aOfficial GRE verbal reasoning practice questions. | |
| 300 | _axi, 241 pages ; | ||
| 650 |
_aStudy guides. Study guides. Study guides. Study guides. _9115612 |
||
| 942 | _cBK | ||
| 999 |
_c598958 _d598958 |
||